Θέματα προληπτικής ψυχιατρικής
Saved in:
| Corporate Author: | |
|---|---|
| Other Authors: | , |
| Format: | Conference Proceeding Book |
| Language: | Greek |
| Published: |
Αθήνα :
Κέντρο Ψυχιατρικής Υγιεινής,
1994
|
| Subjects: | |
| Tags: |
Add Tag
No Tags, Be the first to tag this record!
|
MARC
| LEADER | 00000nam a2200000 i 4500 | ||
|---|---|---|---|
| 001 | 1/24882 | ||
| 008 | 060222s1994 gre d | ||
| 035 | |l 10082776 | ||
| 040 | |a GR-MY-UA |b gre |e aacr | ||
| 041 | 0 | |a gre | |
| 082 | 0 | |a 616.89 |2 (22) | |
| 245 | 1 | 0 | |a Θέματα προληπτικής ψυχιατρικής / |c επιμέλεια Γ. Ν. Χριστοδούλου, Β. Π. Κονταξάκης |
| 260 | |a Αθήνα : |b Κέντρο Ψυχιατρικής Υγιεινής, |c 1994 | ||
| 300 | |a 2τ.; |b εικ.; |c 29 εκ. | ||
| 500 | |a Η έκδοση περιλαμβάνει εργασίες που παρουσιάστηκαν στο 2ο Συνέδριο Προληπτικής Ψυχιατρικής που έγινε στο Μέγαρο Μουσικής τον Απρίλιο του 1992 | ||
| 504 | |a Περιέχει βιβλιογραφία και ευρετήριο | ||
| 650 | 0 | 0 | |a Mental illness |x Prevention |z Greece |x Gongresses. |
| 650 | 0 | 0 | |a Psychiatry. |
| 650 | 0 | 0 | |a Clinical psychology. |
| 700 | 1 | |a Χριστοδούλου, Γιώργος Ν. |4 edt | |
| 700 | 1 | |a Κονταξάκης, Βασίλης Π. |4 edt | |
| 711 | 2 | |a Συνέδριο Προληπτικής Ψυχιατρικής |n (2ο : |c Μέγαρο Μουσικής Αθηνών |d : Απρίλιο του 1992) | |
| 852 | |a INST |b LESVOS |e 20060222 |h 616.89 ΘΕΜ |p 005100034580 |q 005100034580 |t BK |y 0 |z τ.1 | ||
| 852 | |a INST |b LESVOS |e 20060222 |h 616.89 ΘΕΜ |p 005100034581 |q 005100034581 |t BK |y 0 |z τ.2 | ||
| 852 | |a INST |b LESVOS |e 20060222 |h 616.89 ΘΕΜ |p 005100034580 |q 005100034580 |t BK |v τ.1: |y 0 |z τ.1 | ||
| 852 | |a INST |b LESVOS |e 20060222 |h 616.89 ΘΕΜ |p 005100034581 |q 005100034581 |t BK |v τ.2: |y 0 |z τ.2 | ||
| 853 | |a INST |b LESVOS |h 616.89 ΘΕΜ | ||
| 901 | |a BIBL1-2006-1 | ||
| 909 | |a Λ |b 125957 | ||
| 909 | |a Λ |b 125958 | ||
| 920 | |a ΚΕΝΤΡΟ ΨΥΧΙΑΤΡΙΚΗΣ ΥΓΙΕΙΝΗΣ |y ΛΕΣΒΟΣ |z 2005-04 | ||
| 970 | |a ΚΑΡΑ |b ΓΙΑΣΕΜΗ |z 2006/02/22 | ||